|
|
|
|
| LEADER |
00000cam a2200000 a 4500 |
| 001 |
vtls008720766 |
| 003 |
SK-MaSNL |
| 005 |
20260301021805.0 |
| 008 |
240314s1990 xo 000 p slo |
| 015 |
|
|
|a SNBA1990
|
| 020 |
|
|
|a 8022001929
|q (viaz.)
|
| 035 |
|
|
|a POKPOH15926
|
| 035 |
|
|
|a urn:nbn:sk:snk-amks6z
|
| 035 |
|
|
|a urn:nbn:sk:snk-am005avb
|
| 035 |
|
|
|a 6B8A25D1-7E43-466A-B0AC-5870033E1679
|
| 040 |
|
|
|a SNK
|b slo
|c SNK
|e AACR2
|
| 041 |
0 |
|
|a slo
|
| 044 |
|
|
|a xo
|c SK
|
| 080 |
|
|
|a 821.162.4-1
|2 1981
|
| 100 |
1 |
|
|a Turan, Andrijan,
|d 1962-
|4 aut
|9 94167
|
| 245 |
1 |
0 |
|a Nočná požičovňa klavírov
|c Andrijan Turan
|
| 250 |
|
|
|a 1. vyd.
|
| 260 |
|
|
|a Bratislava
|b Slovenský spisovateľ
|c 1990
|
| 300 |
|
|
|a 90 s.
|c 23 cm
|
| 366 |
|
|
|e 400 výt.
|
| 490 |
1 |
|
|a Nová poézia
|
| 650 |
0 |
7 |
|a slovenská literatúra
|2 SNKPH
|9 1115
|
| 655 |
|
7 |
|a poézia
|2 SNKPH
|9 70555
|
| 830 |
|
0 |
|a Nová poézia
|9 277095
|
| 919 |
|
|
|a 80-220-0192-9
|
| 958 |
|
|
|a LX
|
| 958 |
|
|
|a OND
|
| 999 |
|
|
|c 566113
|d 568043
|
| 952 |
|
|
|a SNK
|b SNK
|y PREZ
|7 0
|p 17A0615909
|o snkSC 76180
|i snkKSP 305/90
|0 0
|1 0
|4 0
|d 2009-03-24
|l 0
|r 2026-02-23 13:57:57
|w 2026-02-23
|
| 952 |
|
|
|a SNK
|b SNK
|y VYP
|7 0
|p 17A0135005
|o snkSC 76180 D1
|i snkKSP 306/90
|0 0
|1 0
|4 0
|d 1998-04-14
|f 1
|l 0
|r 2004-12-31 00:00:00
|w 2026-02-23
|